| 000 | 00560nam a22001937a 4500 | ||
|---|---|---|---|
| 003 | 0 | ||
| 005 | 20231005130415.0 | ||
| 008 | 231005b xxu||||| |||| 00| 0 eng d | ||
| 020 | _a978-0-141-34688-5 | ||
| 050 |
_aPZ 7 _b.R4829 2013 |
||
| 100 | _aRiordan, Rick | ||
| 245 |
_aPercy Jackson and the last olympian _cRick Riordan |
||
| 260 |
_aUnited Kingdom _bPuffin Books _cc2013. |
||
| 300 |
_a360 pages ; _c20 cm. |
||
| 440 | _aThe Percy Jackson series | ||
| 500 | _aGreek mythology--Fiction. | ||
| 650 | _aGreek mythology--Fiction. | ||
| 942 |
_2lcc _cBK |
||
| 999 |
_c365471 _d365471 |
||